000
00305nam a2200133Ia 4500
008
260604s9999 xx 000 0 und d
020
_a
9781648337239
082
_a
650.1 HIL
100
_a
Page Publications
_9
35373
245
0
_a
Think and Grow Rich
260
_b
SHREE
500
_a
Business
942
_c
BK
999
_c
8168
_d
8168